[Event "NB II. Szechenyi csoport"]
[Site "Aszar"]
[Date "2024.04.21"]
[Round "8.10"]
[White "Malomsoki, Laszlo"]
[Black "Vajda, Lajos"]
[Result "1-0"]
[WhiteElo "1811"]
[BlackElo "1838"]
[PlyCount "223"]
[EventDate "2023.10.08"]
[EventType "team-tourn"]
[EventRounds "9"]
[EventCountry "HUN"]
[Source "chess.hu"]
[WhiteTeam "Sakkbaratok Kisber-Aszar I."]
[BlackTeam "Spartacus Sportkor"]
[WhiteTeamCountry "HUN"]
[BlackTeamCountry "HUN"]

1. d4 d5 2. e3 c6 3. c4 Nf6 4. Nc3 e6 5. Nf3 Bb4 6. Bd3 Nbd7 7. a3 Bxc3+ 8.
bxc3 O-O 9. O-O Ne4 10. Qc2 f5 11. Bb2 b6 12. cxd5 cxd5 13. Nd2 Bb7 14. f3 Nxd2
15. Qxd2 Rc8 16. Qc2 Qc7 17. Rae1 Rf6 18. e4 Rh6 19. e5 Qd8 20. Bc1 g5 21. Qd2
Rg6 22. g4 Qe7 23. gxf5 exf5 24. Bxf5 Rg7 25. Kh1 Rf8 26. Bg4 h6 27. Qd3 Nb8
28. Rg1 Ba6 29. Qe3 Nc6 30. h4 Nd8 31. e6 Nc6 32. Qf2 Bd3 33. Qg3 gxh4 34. Qh3
Qf6 35. f4 Bg6 36. f5 Bxf5 37. Bxf5 Qxf5 38. Qxf5 Rxf5 39. Bxh6 Rxg1+ 40. Rxg1+
Kh7 41. Bg7 Rf3 42. Be5 Rf8 43. Bd6 Re8 44. e7 Rc8 45. Rf1 Nxe7 46. Rf7+ Kg6
47. Rxe7 Rxc3 48. Rxa7 Kh5 49. Rg7 Rd3 50. Bc7 b5 51. Be5 Rxa3 52. Rb7 Rb3 53.
Rd7 Kg4 54. Rxd5 h3 55. Bh2 Rb1+ 56. Bg1 b4 57. Rd8 b3 58. Rg8+ Kh4 59. d5 Rd1
60. Rb8 Rxd5 61. Rxb3 Rd1 62. Rb8 Rd3 63. Rf8 Rd5 64. Rf4+ Kg5 65. Ra4 Rd3 66.
Kh2 Kf5 67. Ba7 Ke6 68. Bb8 Kd7 69. Bg3 Kc6 70. Kxh3 Kb7 71. Kg4 Rd5 72. Bf4
Rb5 73. Rc4 Kb6 74. Kf3 Kb7 75. Ke4 Kb6 76. Be5 Kb7 77. Kf4 Rb6 78. Bd4 Rc6 79.
Rb4+ Kc7 80. Be5+ Kd7 81. Rb7+ Kc8 82. Rh7 Rb6 83. Ke4 Rb7 84. Rh8+ Kd7 85. Rh6
Rb4+ 86. Kf5 Rc4 87. Rh7+ Kc6 88. Ke6 Kb5 89. Bd6 Rc2 90. Rh4 Rc8 91. Kd5 Ka6
92. Rb4 Ka5 93. Bc5 Ka6 94. Rb6+ Ka5 95. Kc4 Rg8 96. Rb2 Ka6 97. Rb6+ Ka5 98.
Rb7 Rg4+ 99. Bd4 Rg6 100. Rb2 Ka6 101. Ra2+ Kb7 102. Ra7+ Kb8 103. Rf7 Rc6+
104. Bc5 Rc8 105. Kb5 Re8 106. Kc6 Rc8+ 107. Kb6 Re8 108. Bd6+ Kc8 109. Ra7 Re2
110. Kc6 Rc2+ 111. Bc5 Kd8 112. Ra8# 1-0

[Event "NB II. Szechenyi csoport"]
[Site "Aszar"]
[Date "2024.04.21"]
[Round "8.12"]
[White "Balazsi-Schmidt, Csaba"]
[Black "Jakab, Aron"]
[Result "1/2-1/2"]
[WhiteElo "1647"]
[BlackElo "1701"]
[PlyCount "25"]
[EventDate "2023.10.08"]
[EventType "team-tourn"]
[EventRounds "9"]
[EventCountry "HUN"]
[Source "chess.hu"]
[WhiteTeam "Sakkbaratok Kisber-Aszar I."]
[BlackTeam "Spartacus Sportkor"]
[WhiteTeamCountry "HUN"]
[BlackTeamCountry "HUN"]

1. e4 c5 2. Nf3 Nc6 3. d4 cxd4 4. Nxd4 d6 5. Nc3 g6 6. Be2 Bg7 7. Be3 Nf6 8.
O-O O-O 9. Qd2 Ng4 10. Bxg4 Bxg4 11. h3 Bd7 12. Rad1 Rc8 13. Rfe1 1/2-1/2

[Event "NB II. Szechenyi csoport"]
[Site "Zalaegerszeg"]
[Date "2024.05.12"]
[Round "9.1"]
[White "Sarok, Peter"]
[Black "Bardossi, Jeno"]
[Result "1/2-1/2"]
[WhiteElo "1989"]
[BlackElo "2065"]
[PlyCount "21"]
[EventDate "2023.10.08"]
[EventType "team-tourn"]
[EventRounds "9"]
[EventCountry "HUN"]
[Source "chess.hu"]
[WhiteTeam "Sakkbaratok Kisber-Aszar I."]
[BlackTeam "Z. Baki Agrocentrum"]
[WhiteTeamCountry "HUN"]
[BlackTeamCountry "HUN"]

1. d4 Nf6 2. Nf3 e6 3. c4 Bb4+ 4. Bd2 Qe7 5. g3 a5 6. a3 Bxd2+ 7. Nbxd2 d6 8.
Bg2 O-O 9. O-O e5 10. e3 h6 11. dxe5 1/2-1/2

[Event "NB II. Szechenyi csoport"]
[Site "Zalaegerszeg"]
[Date "2024.05.12"]
[Round "9.3"]
[White "Salamon, Peter"]
[Black "Kirchner, Peter"]
[Result "1-0"]
[WhiteElo "1993"]
[BlackElo "1957"]
[PlyCount "121"]
[EventDate "2023.10.08"]
[EventType "team-tourn"]
[EventRounds "9"]
[EventCountry "HUN"]
[Source "chess.hu"]
[WhiteTeam "Sakkbaratok Kisber-Aszar I."]
[BlackTeam "Z. Baki Agrocentrum"]
[WhiteTeamCountry "HUN"]
[BlackTeamCountry "HUN"]

1. e4 d6 2. d4 Nf6 3. Bd3 g6 4. Bg5 Bg7 5. Nf3 O-O 6. c3 c5 7. d5 b5 8. O-O Bg4
9. Bxf6 Bxf6 10. Bxb5 Qb6 11. Qb3 Bxf3 12. gxf3 Qc7 13. f4 Nd7 14. Qc2 Rab8 15.
Bc4 Nb6 16. Nd2 Qd7 17. b3 Nxc4 18. Nxc4 Qg4+ 19. Kh1 Qxf4 20. f3 h5 21. Rac1
Bg5 22. Rce1 Bf6 23. Rc1 Kg7 24. Qg2 h4 25. h3 Rh8 26. Qg4 Qxg4 27. fxg4 Bg5
28. Rc2 f6 29. Rf3 Rb7 30. Na5 Rc7 31. Kg2 Rb8 32. Nc6 Re8 33. Kf2 e6 34. Re2
Rf8 35. Na5 e5 36. Nc4 Rd7 37. Kg2 Bf4 38. Kf1 f5 39. gxf5 gxf5 40. Rg2+ Kh6
41. exf5 Rxf5 42. Ne3 Rf8 43. Rg4 Rdf7 44. Rxh4+ Kg6 45. Rg4+ Kh5 46. Ke2 Bh6
47. Rxf7 Rxf7 48. Nf1 Bf4 49. Rg8 Rd7 50. Kf3 Kh4 51. Rh8+ Kg5 52. Ke4 Kg6 53.
Rg8+ Kf6 54. Ng3 Rh7 55. Nf5 Rxh3 56. Rd8 Rxc3 57. Rxd6+ Kf7 58. Ra6 Rc1 59.
Rxa7+ Ke8 60. d6 Rg1 61. Ng7+ 1-0

[Event "NB II. Szechenyi csoport"]
[Site "Zalaegerszeg"]
[Date "2024.05.12"]
[Round "9.4"]
[White "Vas, Istvan"]
[Black "Gonczol, Gabor"]
[Result "1/2-1/2"]
[WhiteElo "1963"]
[BlackElo "1979"]
[PlyCount "31"]
[EventDate "2023.10.08"]
[EventType "team-tourn"]
[EventRounds "9"]
[EventCountry "HUN"]
[Source "chess.hu"]
[WhiteTeam "Z. Baki Agrocentrum"]
[BlackTeam "Sakkbaratok Kisber-Aszar I."]
[WhiteTeamCountry "HUN"]
[BlackTeamCountry "HUN"]

1. e4 e5 2. Bc4 Nf6 3. d3 Bc5 4. Nf3 Nc6 5. Bg5 h6 6. Bh4 d6 7. h3 Be6 8. Nbd2
Qd7 9. c3 g5 10. Bg3 g4 11. Nh4 Ne7 12. Qe2 O-O-O 13. Bxe6 Qxe6 14. hxg4 Qxg4
15. Qxg4+ Nxg4 16. b4 1/2-1/2

[Event "NB II. Szechenyi csoport"]
[Site "Zalaegerszeg"]
[Date "2024.05.12"]
[Round "9.5"]
[White "Farkas, Ferenc"]
[Black "Preisz, Balazs"]
[Result "1/2-1/2"]
[WhiteElo "1880"]
[BlackElo "1947"]
[PlyCount "25"]
[EventDate "2023.10.08"]
[EventType "team-tourn"]
[EventRounds "9"]
[EventCountry "HUN"]
[Source "chess.hu"]
[WhiteTeam "Sakkbaratok Kisber-Aszar I."]
[BlackTeam "Z. Baki Agrocentrum"]
[WhiteTeamCountry "HUN"]
[BlackTeamCountry "HUN"]

1. d4 Nf6 2. Nf3 g6 3. g3 Bg7 4. Bg2 d6 5. O-O O-O 6. c4 Nbd7 7. Nc3 Re8 8. Qb3
a6 9. Rd1 c5 10. e3 Qc7 11. d5 Nb6 12. a4 a5 13. Re1 1/2-1/2

[Event "NB II. Szechenyi csoport"]
[Site "Zalaegerszeg"]
[Date "2024.05.12"]
[Round "9.7"]
[White "Erdei, Lajos Jr"]
[Black "Nagy, Benedek"]
[Result "1/2-1/2"]
[WhiteElo "1951"]
[BlackElo "1851"]
[PlyCount "144"]
[EventDate "2023.10.08"]
[EventType "team-tourn"]
[EventRounds "9"]
[EventCountry "HUN"]
[Source "chess.hu"]
[WhiteTeam "Sakkbaratok Kisber-Aszar I."]
[BlackTeam "Z. Baki Agrocentrum"]
[WhiteTeamCountry "HUN"]
[BlackTeamCountry "HUN"]

1. h4 d5 2. d4 Nf6 3. Bf4 c5 4. Nf3 Nc6 5. e3 Bg4 6. Be2 e6 7. c3 Bd6 8. Bxd6
Qxd6 9. dxc5 Qxc5 10. Nbd2 O-O 11. Qb3 Rfd8 12. O-O e5 13. Bb5 Nd7 14. Qa4 Bxf3
15. Nxf3 a6 16. Be2 b5 17. Qg4 Nf6 18. Qf5 Qe7 19. Rfd1 d4 20. cxd4 exd4 21.
Rac1 Rac8 22. Nxd4 g6 23. Qh3 Qe8 24. Nxc6 Rxd1+ 25. Bxd1 Rxc6 26. Rxc6 Qxc6
27. Qf3 Qd6 28. Bb3 Kg7 29. Qb7 Nd7 30. Qd5 Qxd5 31. Bxd5 b4 32. a3 a5 33. axb4
axb4 34. Kf1 Nc5 35. b3 f5 36. Ke2 Kf6 37. f4 h6 38. Kf3 g5 39. fxg5+ hxg5 40.
hxg5+ Kxg5 41. g3 Kf6 42. e4 fxe4+ 43. Kf4 Kg7 44. Ke3 Kf6 45. Kd4 e3 46. Kxe3
Ke5 47. Bf7 Ne4 48. g4 Nc5 49. Bg8 Ne4 50. Kf3 Ng5+ 51. Kg3 Ne4+ 52. Kh4 Kf4
53. Bc4 Nd6 54. Bd3 Nf7 55. Kh5 Ng5 56. Bc4 Nf3 57. Bf7 Ng5 58. Bd5 Nh3 59. Bc6
Ng5 60. Bd7 Nf3 61. Be6 Ng5 62. Bd5 Nh3 63. Bb7 Ng5 64. Bc8 Nf3 65. Kg6 Ng5 66.
Bf5 Nf3 67. Kf6 Nd4 68. Be6 Nf3 69. Ke7 Kg5 70. Kd6 Nd4 71. Kc5 Nxb3+ 72. Bxb3
Kxg4 1/2-1/2

[Event "NB II. Szechenyi csoport"]
[Site "Zalaegerszeg"]
[Date "2024.05.12"]
[Round "9.8"]
[White "Cseke, Mihaly"]
[Black "Redl, Tibor"]
[Result "0-1"]
[WhiteElo "1864"]
[BlackElo "1938"]
[PlyCount "62"]
[EventDate "2023.10.08"]
[EventType "team-tourn"]
[EventRounds "9"]
[EventCountry "HUN"]
[Source "chess.hu"]
[WhiteTeam "Z. Baki Agrocentrum"]
[BlackTeam "Sakkbaratok Kisber-Aszar I."]
[WhiteTeamCountry "HUN"]
[BlackTeamCountry "HUN"]

1. e4 e6 2. d4 d5 3. Nd2 Nf6 4. e5 Nfd7 5. f4 c5 6. c3 Nc6 7. Bb5 Qb6 8. Bxc6
bxc6 9. Ndf3 cxd4 10. cxd4 c5 11. Ne2 Ba6 12. a3 cxd4 13. b4 d3 14. Ned4 Bc4
15. Bd2 Be7 16. O-O Rc8 17. Kh1 O-O 18. Qa4 Rc7 19. Rfd1 Rfc8 20. Be3 Qb7 21.
Ne1 Nb6 22. Qa5 Bh4 23. Ndf3 Bxe1 24. Rxe1 Bb3 25. Qb5 Bc4 26. Qa5 h6 27. Bxb6
axb6 28. Qa4 d4 29. Qd1 Bd5 30. Rg1 Rc2 31. Nxd4 Bxg2+ 0-1

[Event "NB II. Szechenyi csoport"]
[Site "Zalaegerszeg"]
[Date "2024.05.12"]
[Round "9.9"]
[White "Malomsoki, Laszlo"]
[Black "Csiszar, Albert"]
[Result "0-1"]
[WhiteElo "1822"]
[BlackElo "1834"]
[PlyCount "100"]
[EventDate "2023.10.08"]
[EventType "team-tourn"]
[EventRounds "9"]
[EventCountry "HUN"]
[Source "chess.hu"]
[WhiteTeam "Sakkbaratok Kisber-Aszar I."]
[BlackTeam "Z. Baki Agrocentrum"]
[WhiteTeamCountry "HUN"]
[BlackTeamCountry "HUN"]

1. d4 d5 2. e3 c6 3. c4 e6 4. Nc3 f5 5. Nf3 Bd6 6. Ne5 Nf6 7. Be2 O-O 8. O-O
Bd7 9. Nxd7 Nbxd7 10. g3 Ne4 11. Nxe4 fxe4 12. a3 Qg5 13. f4 Qe7 14. b4 a6 15.
Qb3 g5 16. Bd2 Qg7 17. b5 axb5 18. cxb5 gxf4 19. exf4 Qxd4+ 20. Be3 Qa4 21.
Qxa4 Rxa4 22. bxc6 bxc6 23. Rfc1 d4 24. Bd1 Rxa3 25. Bxd4 Rd3 26. Bf2 e3 27.
Be1 e5 28. Ra7 Bc5 29. Rxd7 e2+ 30. Kg2 Rxd1 31. Rdxd1 exd1=Q 32. Rxd1 exf4 33.
gxf4 Rxf4 34. Rc1 Rf5 35. Bg3 Kf7 36. Rc4 Ke6 37. Kh3 Kd5 38. Ra4 Bd4 39. Kg4
Rf7 40. Bf4 Ke4 41. Bd6 Rd7 42. Bc5 Kd3 43. Bf8 Ra7 44. Rxa7 Bxa7 45. Kh5 Be3
46. Kg4 c5 47. h4 c4 48. Bb4 c3 49. Kf5 c2 50. Ba3 c1=Q 0-1

[Event "NB II. Szechenyi csoport"]
[Site "Zalaegerszeg"]
[Date "2024.05.12"]
[Round "9.10"]
[White "Deak, Laszlo"]
[Black "Feher, Lajos"]
[Result "1/2-1/2"]
[WhiteElo "1809"]
[BlackElo "1729"]
[PlyCount "43"]
[EventDate "2023.10.08"]
[EventType "team-tourn"]
[EventRounds "9"]
[EventCountry "HUN"]
[Source "chess.hu"]
[WhiteTeam "Z. Baki Agrocentrum"]
[BlackTeam "Sakkbaratok Kisber-Aszar I."]
[WhiteTeamCountry "HUN"]
[BlackTeamCountry "HUN"]

1. Nf3 d5 2. g3 Nf6 3. Bg2 Bg4 4. h3 Bh5 5. O-O e6 6. d3 Bc5 7. Bg5 h6 8. Bf4
g5 9. Be5 g4 10. hxg4 Bxg4 11. c3 Nbd7 12. Nbd2 Nxe5 13. Nxe5 Bf5 14. e4 dxe4
15. dxe4 Bh7 16. Qa4+ c6 17. Rad1 Qc7 18. Nd3 Bb6 19. Nc4 O-O-O 20. Nxb6+ Qxb6
21. Ne5 Qc7 22. Nc4 1/2-1/2

[Event "NB II. Szechenyi csoport"]
[Site "Zalaegerszeg"]
[Date "2024.05.12"]
[Round "9.11"]
[White "Sarok, Peter Jr"]
[Black "Bedi, Bence"]
[Result "0-1"]
[WhiteElo "1735"]
[BlackElo "1664"]
[PlyCount "40"]
[EventDate "2023.10.08"]
[EventType "team-tourn"]
[EventRounds "9"]
[EventCountry "HUN"]
[Source "chess.hu"]
[WhiteTeam "Sakkbaratok Kisber-Aszar I."]
[BlackTeam "Z. Baki Agrocentrum"]
[WhiteTeamCountry "HUN"]
[BlackTeamCountry "HUN"]

1. d4 Nf6 2. Nf3 e6 3. c4 Bb4+ 4. Nc3 O-O 5. Bg5 h6 6. Bh4 c5 7. a3 cxd4 8.
Qxd4 Nc6 9. Qd1 Be7 10. e3 b6 11. Be2 Bb7 12. O-O Rc8 13. Rc1 Na5 14. Nb5 Ra8
15. Nd6 Ba6 16. Ne5 Qc7 17. Ndxf7 d6 18. Bf3 Rac8 19. Bxf6 Bxf6 20. Qxd6 Bxe5
0-1

[Event "NB II. Szechenyi csoport"]
[Site "Zalaegerszeg"]
[Date "2024.05.12"]
[Round "9.12"]
[White "Mazsa, Csaba Adam"]
[Black "Balazsi-Schmidt, Csaba"]
[Result "1-0"]
[WhiteElo "1637"]
[BlackElo "1647"]
[PlyCount "141"]
[EventDate "2023.10.08"]
[EventType "team-tourn"]
[EventRounds "9"]
[EventCountry "HUN"]
[Source "chess.hu"]
[WhiteTeam "Z. Baki Agrocentrum"]
[BlackTeam "Sakkbaratok Kisber-Aszar I."]
[WhiteTeamCountry "HUN"]
[BlackTeamCountry "HUN"]

1. e4 e5 2. Nf3 Nc6 3. Bc4 Bc5 4. c3 Nf6 5. d3 h6 6. Nbd2 d6 7. h3 O-O 8. O-O
Be6 9. b4 Bb6 10. Qb3 d5 11. exd5 Bxd5 12. Bb2 Re8 13. Bxd5 Nxd5 14. c4 Ndxb4
15. Ne1 a5 16. a4 Qg5 17. Ne4 Qe7 18. Nc2 Rad8 19. Rad1 Nxc2 20. Qxc2 Nb4 21.
Qb3 Bd4 22. Bc1 f5 23. Ng3 f4 24. Nf5 Qg5 25. c5+ Kh8 26. Nxd4 exd4 27. Qf7
Qxc5 28. Bxf4 Rf8 29. Qxc7 Qf5 30. Bd6 Nd5 31. Qc5 b6 32. Qa3 Rf6 33. Be7 Nxe7
34. Qxe7 Rdf8 35. Qe4 Qd7 36. Ra1 Re8 37. Qh4 Ref8 38. Qh5 Rf5 39. Qd1 Rg5 40.
Kh1 Qd5 41. f3 Rh5 42. Rb1 Rf6 43. Rb5 Qf7 44. Qb3 Qxb3 45. Rxb3 Rc5 46. Rfb1
Rc3 47. Kh2 g5 48. Rxb6 Rxb6 49. Rxb6 Rxd3 50. Rxh6+ Kg7 51. Ra6 Ra3 52. Rxa5
Kf6 53. Kg3 d3 54. Rd5 Ke6 55. Rd8 Kf5 56. a5 Rxa5 57. Rxd3 Re5 58. Rd4 Re2 59.
h4 gxh4+ 60. Rxh4 Kg5 61. Re4 Rc2 62. Kh3 Rc3 63. Kg3 Rc2 64. f4+ Kf5 65. Re5+
Kf6 66. Kf3 Rc3+ 67. Re3 Rc2 68. g4 Rc4 69. g5+ Kf5 70. Re5+ Kg6 71. Kg4 1-0

[Event "NB II. Szechenyi csoport"]
[Site "Veszprem"]
[Date "2024.05.12"]
[Round "9.1"]
[White "Horvath, Tibor"]
[Black "Hegedus, Gyula"]
[Result "1-0"]
[WhiteElo "1919"]
[BlackElo "2039"]
[PlyCount "67"]
[EventDate "2023.10.08"]
[EventType "team-tourn"]
[EventRounds "9"]
[EventCountry "HUN"]
[Source "chess.hu"]
[WhiteTeam "Arboretum Hereny SE"]
[BlackTeam "Ezust Huszar SE"]
[WhiteTeamCountry "HUN"]
[BlackTeamCountry "HUN"]

1. d4 d6 2. c4 Nd7 3. e4 e5 4. Nf3 Ngf6 5. Nc3 Be7 6. Be2 O-O 7. O-O Re8 8. d5
Nc5 9. Qc2 a5 10. h3 Bf8 11. Be3 g6 12. Nd2 Bg7 13. a3 h5 14. b4 Ncd7 15. c5
axb4 16. axb4 Rxa1 17. Rxa1 dxc5 18. bxc5 Nh7 19. Ra8 f5 20. exf5 gxf5 21. c6
bxc6 22. dxc6 f4 23. cxd7 Qxd7 24. Qa2+ Kh8 25. Bc5 Ng5 26. Qd5 Nxh3+ 27. Kf1
Qf5 28. Qe4 Qf6 29. gxh3 Bxh3+ 30. Ke1 Rxa8 31. Qxa8+ Kh7 32. Bd3+ Kh6 33. Qe4
Bg4 34. Qh7+ 1-0

[Event "NB II. Szechenyi csoport"]
[Site "Veszprem"]
[Date "2024.05.12"]
[Round "9.2"]
[White "Domonkos, Daniel"]
[Black "Finy, Mark"]
[Result "1/2-1/2"]
[WhiteElo "1991"]
[BlackElo "1966"]
[PlyCount "53"]
[EventDate "2023.10.08"]
[EventType "team-tourn"]
[EventRounds "9"]
[EventCountry "HUN"]
[Source "chess.hu"]
[WhiteTeam "Ezust Huszar SE"]
[BlackTeam "Arboretum Hereny SE"]
[WhiteTeamCountry "HUN"]
[BlackTeamCountry "HUN"]

1. d4 d5 2. c4 c6 3. cxd5 cxd5 4. Nf3 Nf6 5. Nc3 Nc6 6. Bf4 e6 7. a3 Bd6 8.
Bxd6 Qxd6 9. e3 O-O 10. Bd3 a6 11. Rc1 Bd7 12. O-O Rac8 13. Na4 Nxd4 14. Bxh7+
Kxh7 15. Qxd4 Bxa4 16. Qxa4 Kg8 17. Rc2 Qb8 18. Rfc1 Ne4 19. Qd7 Rc6 20. Nd4
Rxc2 21. Rxc2 Nd6 22. g3 Rd8 23. Qe7 Re8 24. Qc7 Rc8 25. Qxb8 Rxb8 26. b3 Rc8
27. Rxc8+ 1/2-1/2

[Event "NB II. Szechenyi csoport"]
[Site "Veszprem"]
[Date "2024.05.12"]
[Round "9.3"]
[White "Gabor, Attila"]
[Black "Oltean, Gusztav"]
[Result "0-1"]
[WhiteElo "1857"]
[BlackElo "1994"]
[PlyCount "46"]
[EventDate "2023.10.08"]
[EventType "team-tourn"]
[EventRounds "9"]
[EventCountry "HUN"]
[Source "chess.hu"]
[WhiteTeam "Arboretum Hereny SE"]
[BlackTeam "Ezust Huszar SE"]
[WhiteTeamCountry "HUN"]
[BlackTeamCountry "HUN"]

1. e4 c6 2. c4 d5 3. exd5 cxd5 4. b3 d4 5. d3 Nc6 6. Nf3 e5 7. Be2 f5 8. Qc2
Nf6 9. Bg5 Be7 10. Bxf6 Bxf6 11. Nfd2 e4 12. a3 e3 13. Nf3 Qa5+ 14. Kf1 O-O 15.
Ra2 g5 16. h4 g4 17. Ne1 Qe5 18. f3 Qg3 19. Bd1 Bxh4 20. Qe2 Ne5 21. f4 Qxf4+
22. Nf3 gxf3 23. gxf3 Bf2 0-1

[Event "NB II. Szechenyi csoport"]
[Site "Veszprem"]
[Date "2024.05.12"]
[Round "9.4"]
[White "Szabo, Balazs"]
[Black "Foki, Robert"]
[Result "1/2-1/2"]
[WhiteElo "1955"]
[BlackElo "1798"]
[PlyCount "154"]
[EventDate "2023.10.08"]
[EventType "team-tourn"]
[EventRounds "9"]
[EventCountry "HUN"]
[Source "chess.hu"]
[WhiteTeam "Ezust Huszar SE"]
[BlackTeam "Arboretum Hereny SE"]
[WhiteTeamCountry "HUN"]
[BlackTeamCountry "HUN"]

1. e4 c5 2. Nf3 Nc6 3. d4 cxd4 4. Nxd4 d6 5. c4 Nf6 6. Nc3 Qa5 7. Nb3 Qd8 8.
Be2 g6 9. O-O Bg7 10. Be3 O-O 11. Qd2 Be6 12. f3 Na5 13. Nxa5 Qxa5 14. Nd5 Qd8
15. Rac1 b6 16. Bg5 Qd7 17. Nxf6+ Bxf6 18. Bxf6 exf6 19. Rfd1 Rfd8 20. Rc3 Qc7
21. b3 Rd7 22. g4 Qc5+ 23. Kg2 Qg5 24. f4 Qh6 25. Rh3 Qg7 26. f5 gxf5 27. exf5
Bxf5 28. Qd5 Re8 29. Qxf5 Rxe2+ 30. Kf1 Re6 31. Rhd3 Qg6 32. Qf3 Kg7 33. h3 Qg5
34. Kf2 Qe5 35. R1d2 Rde7 36. Kg2 Qe1 37. Rf2 Re2 38. Qxf6+ Kg8 39. Rdf3 Qf1+
40. Kg3 Rxf2 41. Rxf2 Qe1 42. Kh4 Qe5 43. g5 Rd7 44. Kh5 Qe8 45. Rf5 Qf8 46.
Rd5 a5 47. Kg4 Qe8 48. Kf3 Qe6 49. Qf5 Rd8 50. Qxe6 fxe6 51. Rb5 Rb8 52. h4 h5
53. gxh6 Kh7 54. Rh5 Kg6 55. Kg4 Rb7 56. h7 Rxh7 57. Rb5 Rb7 58. Kf4 Kf6 59.
Ke4 Ke7 60. Rh5 Kf8 61. Rh8+ Kg7 62. Rd8 b5 63. cxb5 Rxb5 64. Rxd6 Kf6 65. Kd3
Rh5 66. Rd4 e5 67. Ra4 Kf5 68. Ke3 Rh7 69. Kf3 Rh6 70. Rxa5 Rxh4 71. Ra8 Rh3+
72. Ke2 Ke4 73. b4 Rh2+ 74. Kf1 Rb2 75. a3 Kd3 76. Rd8+ Kc4 77. Re8 Kb3 1/2-1/2

[Event "NB II. Szechenyi csoport"]
[Site "Veszprem"]
[Date "2024.05.12"]
[Round "9.5"]
[White "Kiss, Laszlo"]
[Black "Jonas, Peter"]
[Result "1/2-1/2"]
[WhiteElo "1810"]
[BlackElo "2011"]
[PlyCount "24"]
[EventDate "2023.10.08"]
[EventType "team-tourn"]
[EventRounds "9"]
[EventCountry "HUN"]
[Source "chess.hu"]
[WhiteTeam "Arboretum Hereny SE"]
[BlackTeam "Ezust Huszar SE"]
[WhiteTeamCountry "HUN"]
[BlackTeamCountry "HUN"]

1. e4 e6 2. d4 d5 3. Nd2 c5 4. Ngf3 Nc6 5. Bb5 a6 6. Bxc6+ bxc6 7. O-O cxd4 8.
Nxd4 c5 9. N4f3 Bb7 10. Qe2 Nf6 11. exd5 Qxd5 12. Nc4 Rd8 1/2-1/2

[Event "NB II. Szechenyi csoport"]
[Site "Veszprem"]
[Date "2024.05.12"]
[Round "9.6"]
[White "Horvath, Rudolf"]
[Black "Marton, Zoltan"]
[Result "1-0"]
[WhiteElo "1942"]
[BlackElo "1721"]
[PlyCount "71"]
[EventDate "2023.10.08"]
[EventType "team-tourn"]
[EventRounds "9"]
[EventCountry "HUN"]
[Source "chess.hu"]
[WhiteTeam "Ezust Huszar SE"]
[BlackTeam "Arboretum Hereny SE"]
[WhiteTeamCountry "HUN"]
[BlackTeamCountry "HUN"]

1. c4 e6 2. Nc3 Bb4 3. g3 Nf6 4. Bg2 O-O 5. a3 Bxc3 6. dxc3 d5 7. Nf3 Nbd7 8.
O-O dxc4 9. Qd4 Nb6 10. Ne5 Qxd4 11. cxd4 Rd8 12. Be3 Nfd7 13. Rac1 Nxe5 14.
dxe5 c6 15. Bf3 Nd5 16. Bg5 f6 17. exf6 h6 18. f7+ Kxf7 19. Bxd8 b5 20. e4 Nf6
21. Bxf6 gxf6 22. e5 Bd7 23. Rfd1 Be8 24. Bh5+ Ke7 25. Bxe8 Rxe8 26. Rd6 Rc8
27. Rcd1 Rc7 28. exf6+ Kxf6 29. Rd7 Rxd7 30. Rxd7 Ke5 31. Rxa7 Kd4 32. Rd7+ Kc5
33. g4 c3 34. bxc3 Kc4 35. Rc7 c5 36. h4 1-0

[Event "NB II. Szechenyi csoport"]
[Site "Veszprem"]
[Date "2024.05.12"]
[Round "9.7"]
[White "Vasenszky, Zoltan Gyorgy"]
[Black "Major, Robert"]
[Result "0-1"]
[WhiteElo "1709"]
[BlackElo "1916"]
[PlyCount "160"]
[EventDate "2023.10.08"]
[EventType "team-tourn"]
[EventRounds "9"]
[EventCountry "HUN"]
[Source "chess.hu"]
[WhiteTeam "Arboretum Hereny SE"]
[BlackTeam "Ezust Huszar SE"]
[WhiteTeamCountry "HUN"]
[BlackTeamCountry "HUN"]

1. d4 d5 2. Nf3 Nf6 3. g3 Bf5 4. Bg2 Qc8 5. c4 c6 6. Qb3 e6 7. O-O Bd6 8. Nc3
O-O 9. Re1 Be4 10. Bg5 Nbd7 11. cxd5 cxd5 12. Rac1 Qb8 13. Nb5 b6 14. Nc3 Rc8
15. a3 h6 16. Bxf6 Nxf6 17. Nxe4 Nxe4 18. Qd3 Qb7 19. Nd2 Rxc1 20. Rxc1 Nxd2
21. Qxd2 Rc8 22. Rc3 Rc7 23. Qc2 Qc8 24. Rxc7 Qxc7 25. Qxc7 Bxc7 26. e3 Kf8 27.
Bf1 Ke7 28. Bb5 e5 29. dxe5 Bxe5 30. b3 Kd6 31. Bd3 Bb2 32. a4 Kc5 33. Bb5 f6
34. Kf1 Kb4 35. Ke2 Kxb3 36. Kd3 Kb4 37. Kd2 a6 38. Bxa6 Kxa4 39. Bd3 Kb4 40.
f3 Kb3 41. g4 Bc3+ 42. Kc1 Kb4 43. Kc2 Be1 44. Kb2 Bd2 45. e4 d4 46. h3 Kc5 47.
Kc2 Bg5 48. Kd1 b5 49. Kc2 b4 50. Kb3 Bd2 51. Kc2 Be3 52. Kb3 g5 53. Kc2 Kd6
54. Kd1 Ke5 55. Ke2 Kf4 56. Bb1 Kg3 57. Bd3 Kxh3 58. Bc2 Kg3 59. Bd3 Kh4 60.
Bb1 h5 61. gxh5 Kxh5 62. Bd3 Kh4 63. Bb1 Kg3 64. Bd3 Bc1 65. Bb1 Bb2 66. Bc2
Kf4 67. Bd3 Bc3 68. Bc2 Ke5 69. Kd3 f5 70. exf5 Kxf5 71. Ke2+ Kf4 72. Bd3 b3
73. Bb1 Ke5 74. Bd3 Kd5 75. Bb1 Kc4 76. Kd1 d3 77. Kc1 Kd4 78. Kd1 Ke3 79. Kc1
d2+ 80. Kd1 Kxf3 0-1

[Event "NB II. Szechenyi csoport"]
[Site "Veszprem"]
[Date "2024.05.12"]
[Round "9.8"]
[White "Szunyogh, Istvan"]
[Black "Jokai, Bence"]
[Result "1-0"]
[WhiteElo "1903"]
[BlackElo "1915"]
[PlyCount "152"]
[EventDate "2023.10.08"]
[EventType "team-tourn"]
[EventRounds "9"]
[EventCountry "HUN"]
[Source "chess.hu"]
[WhiteTeam "Ezust Huszar SE"]
[BlackTeam "Arboretum Hereny SE"]
[WhiteTeamCountry "HUN"]
[BlackTeamCountry "HUN"]

1. c4 e6 2. Nc3 d5 3. cxd5 exd5 4. Nf3 Nf6 5. g3 c6 6. d4 Bf5 7. Bg2 Be7 8. O-O
O-O 9. Qb3 b5 10. Bg5 Qb6 11. e3 Re8 12. Ne5 h6 13. Bxf6 Bxf6 14. Nxd5 cxd5 15.
Qxd5 Bxe5 16. Qxa8 Bd7 17. Rfc1 Na6 18. Qb7 Bc7 19. b4 Rb8 20. Qxb6 Bxb6 21. a3
Kf8 22. Rc3 Ke7 23. Rac1 Kd8 24. h4 Nc7 25. Kf1 Be6 26. Ke1 Bc4 27. Kd2 Ne8 28.
a4 Nd6 29. a5 Bc7 30. e4 Ke7 31. Ke3 Re8 32. g4 Kd8 33. e5 f6 34. f4 h5 35. Kd2
Nf7 36. gxh5 Nh6 37. Bc6 Re7 38. Be4 Rd7 39. Ke3 Ng4+ 40. Kf3 Rxd4 41. Bc6 Nh6
42. Bxb5 Bd5+ 43. Ke2 Rxb4 44. Rxc7 Rxb5 45. R7c5 Rxc5 46. Rxc5 Be6 47. exf6
gxf6 48. Rc6 Kd7 49. Rc5 Kd6 50. Rc3 Bg4+ 51. Kd2 Nf5 52. Rc8 Bxh5 53. Ra8 Bf3
54. Rxa7 Nxh4 55. Ra6+ Ke7 56. Ke3 Bd5 57. Kd4 Bf3 58. Ke3 Bd5 59. Kf2 Nf5 60.
Rb6 Nd6 61. Kg3 Nc4 62. Rb5 Kd6 63. a6 Kc6 64. Rb8 Kc7 65. Rf8 Nd6 66. Kh4 Bc4
67. a7 Bd5 68. a8=Q Bxa8 69. Rxa8 Kd7 70. Kg4 Ke6 71. Ra6 Ke7 72. Kh5 Nf5 73.
Kg4 Ne3+ 74. Kf3 Nf5 75. Ke4 Ng3+ 76. Kd5 Ne2 1-0